A Gerusalemme tra affarisit, poliziotti e francescani (Record no. 582725)
[ view plain ]
| 000 -CABECERA | |
|---|---|
| Campo de control de longitud fija | 00458nab a2200145Ia 4500 |
| 003 - IDENTIFICADOR DEL NÚMERO DE CONTROL | |
| Campo de control | ES-SlBCS |
| 005 - FECHA Y HORA DE LA ÚLTIMA TRANSACCIÓN | |
| Campo de control | 20210601132615.0 |
| 008 - CÓDIGOS DE INFORMACIÓN DE LONGITUD FIJA | |
| Campo de control de longitud fija | 140529s2006 xxu||||| |||| 00| 0 ita d |
| 041 ## - CÓDIGO DE LENGUA | |
| Código de lengua del texto/banda sonora o título independiente | ita |
| 100 1# - PUNTO DE ACCESO PRINCIPAL-NOMBRE DE PERSONA | |
| Nombre de persona | Castelli, Ferdinando |
| 9 (RLIN) | 33164 |
| 245 02 - MENCIÓN DE TÍTULO | |
| Título | A Gerusalemme tra affarisit, poliziotti e francescani |
| Mención de responsabilidad, etc. | Ferdinando Castelli |
| 651 #4 - PUNTO DE ACCESO ADICIONAL DE MATERIA-NOMBRE GEOGRÁFICO | |
| Nombre geográfico | Jerusalén |
| 9 (RLIN) | 92390 |
| 773 0# - ENLACE AL DOCUMENTO FUENTE | |
| Título | Civilta Cattolica, la |
| Parte(s) relacionada(s) | vol. 157, nº. 3750, 2006, págs. 493-505 |
| Número de control del registro relacionado | Rev122 |
| 942 ## - ENTRADA DE ELEMENTOS AGREGADOS (KOHA) | |
| Koha [por defecto] tipo de item | Artículos de revista |
| Suprimido | Perdido | Estropeado | No para préstamo | Localización permanente | Localización actual | Localización en estantería | Fecha adquisición | Préstamos totales | Fecha última consulta | Fecha del precio de reemplazo | Tipo de item de Koha |
|---|---|---|---|---|---|---|---|---|---|---|---|
| San Esteban | San Esteban | Depósito de revistas | 11/07/2014 | 11/07/2014 | 11/07/2014 | Artículos de revista |
